00509nam a2200145 a 4500008004100000020001800041041000800059100003000067245004600097250003600143260005100179300002000230500009800250655001500348190917t2016 ag |||g |||| 001 0 spa d a9789506910969 aspa1 aDe Saint-Exupery, Antoine 3aEl Principito /cAntoine De Saint-Exupery a1a ed.bIlustraciones del autor aBuenos Aires:bBiblioteca del Congreso;c2016. a85 p.c17,5 cm. aDe Saint-Exupery, A. (2016). El Principito. (1a ed.). Buenos Aires : Biblioteca del Congreso. aLiteratura